Sheep Breeds - Statistics

General Stats
  • This quiz has been taken 31 times
  • The average score is 5 of 15
Answer Stats
Picture Answer % Correct
Suffolk
65%
Merino
62%
Texel
54%
Jacob
42%
Dorset
38%
Border
35%
Hampshire
31%
Lincoln
31%
Dorper
27%
Cheviot
23%
Romney
15%
Katahdin
12%
Racka
12%
Clun Forest
4%
Icelandic
4%
No matching quizzes found
Score Distribution
Percent of People with Each Score
Percentile by Number Answered
Your Score History
You have not taken this quiz